| 000 | 01017cad a22002295a 4500 | ||
|---|---|---|---|
| 001 | E147238 | ||
| 008 | 090417s2009 xxk f 000 0 eng d | ||
| 035 | _a(Sirsi) u147238 | ||
| 041 | 0 | _aeng | |
| 050 | 0 | 4 | _a333.33 $2 18 |
| 110 | 2 |
_aJones Lang LaSalle _93755 |
|
| 245 | 0 | 0 |
_aPulse _bproperty market monitor China, March 2009 _h[electronic resource] |
| 260 |
_a[S.l.] _bJones Lang LaSalle _c2009 |
||
| 490 | 0 |
_aJLL China Property Market Monitor _vMarch 2009 |
|
| 520 | _aFigures released by the National Bureau of Statistics indicate that the drop in China's property prices speeded up in February, with prices falling by 1.2% year-on-year in the 70 major cities. The largest cities, Beijing, Shanhai and Guangzhou, saw falls of 0.7%, 2.4% and 4.4% respectively. | ||
| 521 | _aAdvanced | ||
| 590 | _aKA | ||
| 651 | 4 | _aChina | |
| 690 | _aPROPERTY-PROPERTY MARKET | ||
| 856 | 4 | 0 |
_uhttps://www.joneslanglasalle.com.cn _zView the report free of charge under research at www.joneslanglasalle.com.cn... |
| 942 | _n0 | ||
| 999 |
_c109489 _d109489 |
||